El Marco político de la desamortización en España / Francisco Tomás y Valiente
Descripción Física:
172 p. ; 18 cm
Colección:
Ariel quincenal ; 54
MARC
| LEADER | 00000nam a2200000Ia 4500 | ||
|---|---|---|---|
| 001 | 1679 | ||
| 008 | 160829s1983 xx 000 0 cat d | ||
| 080 | |a H-1-276 | ||
| 100 | |a Tomás y Valiente, Francisco |9 25491 | ||
| 245 | |a El Marco político de la desamortización en España / Francisco Tomás y Valiente | ||
| 250 | |a 4a. ed. | ||
| 260 | |a Barcelona : |b Ariel, |c 1983 | ||
| 300 | |a 172 p. ; |c 18 cm | ||
| 490 | |a Ariel quincenal ; 54 | ||
| 650 | |a Desamortització |x Espanya |x S. XVIII/XIX |9 25492 | ||
| 901 | |a Arxiu | ||
| 942 | |n 1 | ||
| 952 | |0 0 |1 0 |4 0 |6 H1276 |7 1 |9 43644 |a Arxiu |b Arxiu |d 2016-12-01 |l 0 |o H-1-276 |p 1679 |r 2016-12-01 00:00:00 |w 2016-12-01 |y ARXIU | ||
| 999 | |c 46192 |d 46192 | ||